Basic Mathematics for Economics (Record no. 60747)
[ view plain ]
| 000 -LEADER | |
|---|---|
| fixed length control field | 00510nam a22002057a 4500 |
| 005 - DATE & TIME | |
| control field | 20260511121514.0 |
| 008 - FIXED-LENGTH DATA ELEMENTS--GENERAL INFORMATION | |
| fixed length control field | 260511b |||||||| |||| 00| 0 eng d |
| 020 ## - ISBN | |
| International Standard Book Number | 9781032420165 |
| Price | 8250.59 |
| 040 ## - CATALOGING SOURCE | |
| Original cataloging agency | Doon University |
| 041 ## - Language | |
| Language | English |
| 082 ## - DDC NUMBER | |
| Classification number | 510 |
| Book Number | LIS |
| 100 ## - MAIN ENTRY--PERSONAL NAME | |
| Personal name | Lis, Piotr |
| 245 ## - TITLE STATEMENT | |
| Title | Basic Mathematics for Economics |
| 250 ## - EDITION STATEMENT | |
| Edition statement | 4th |
| 260 ## - PUBLICATION, DISTRIBUTION, ETC. (IMPRINT) | |
| Place of publication, distribution, etc | New York |
| Name of publisher, distributor, etc | Routledge |
| Date of publication, distribution, etc | 2025 |
| 300 ## - PHYSICAL DESCRIPTION | |
| Pages | 587 |
| 650 ## - Subject | |
| Subject | Economics (PM USHA) |
| 700 ## - Added Entry Personal Name | |
| Added Entry Personal Name | Rosser, Mike |
| 942 ## - ADDED ENTRY ELEMENTS (KOHA) | |
| Koha item type | Books |
| 100 ## - MAIN ENTRY--PERSONAL NAME | |
| -- | 26765 |
| 650 ## - Subject | |
| -- | 26774 |
| 700 ## - Added Entry Personal Name | |
| -- | 1037 |
| 952 ## - LOCATION AND ITEM INFORMATION (KOHA) | |
| -- | 2026-05-11 |
| 952 ## - LOCATION AND ITEM INFORMATION (KOHA) | |
| -- | 2026-05-11 |
| 952 ## - LOCATION AND ITEM INFORMATION (KOHA) | |
| -- | 2026-05-11 |
| 952 ## - LOCATION AND ITEM INFORMATION (KOHA) | |
| -- | 2026-05-11 |
| 952 ## - LOCATION AND ITEM INFORMATION (KOHA) | |
| -- | 2026-05-11 |
| Withdrawn status | Lost status | Source of classification or shelving scheme | Damaged status | Not for loan | Location (home branch) | Sublocation or collection (holding branch) | Date acquired | Koha full call number | Accession No. | Koha date last seen | Koha item type | Koha issues (times borrowed) |
|---|---|---|---|---|---|---|---|---|---|---|---|---|
| Not For Loan | Doon University | Doon University | 11.05.2026 | 510 LIS | 33177 | 11.05.2026 | Reference | |||||
| Doon University | Doon University | 11.05.2026 | 510 LIS | 33178 | 11.05.2026 | Books | ||||||
| Doon University | Doon University | 11.05.2026 | 510 LIS | 33179 | 11.05.2026 | Books | ||||||
| Doon University | Doon University | 11.05.2026 | 510 LIS | 33180 | 11.05.2026 | Books | ||||||
| Doon University | Doon University | 11.05.2026 | 510 LIS | 33181 | 11.05.2026 | Books |